Das urteil und das sein: eine grundlegung der metaphysik

Uloženo v:
Podrobná bibliografie
Hlavní autor: Lotz, John (autor)
Médium: Kniha
Jazyk:němčina
Vydáno: Múnich Berchmanskolleg 1957
Edice:Pullacher Philosophische Forschungen, 2
Témata:
Tagy: Přidat tag
Žádné tagy, Buďte první, kdo vytvoří štítek k tomuto záznamu!

MARC

LEADER 00000nam a2200000 a 4500
001 UCZ3809
003 CL-VaPUC
008 951027e19570000GW |||||||||||||||||ger|d
082 0 4 |a 110  |b LOT  |2 21 
100 |a Lotz, John  |e autor  |9 348120 
245 1 4 |a Das urteil und das sein: eine grundlegung der metaphysik 
300 |a 218 p 
942 |c BK 
945 |d 19951027 00:00:00  |a cmena 
260 |a Múnich  |b Berchmanskolleg  |c 1957 
650 0 |a Metafísica  |9 265649 
650 7 |a SER  |2 CL-VaPUC  |9 320176 
650 0 |a Ontología   |9 256850 
650 7 |a HOMBRE  |2 CL-VaPUC  |9 262149 
650 0 |a Naturaleza humana   |9 308593 
583 |a last modification  |c 19951027 00:00:00  |k Rodrigo Vera 
490 0 |a Pullacher Philosophische Forschungen, 2 
999 |c 240256  |d 240254 
952 |0 0  |1 0  |4 0  |6 110_000000000000000_LOT_1957  |7 0  |8 P  |9 252022  |a BIBEDU  |b BIBEDU  |c BIBEDU_PB  |d 2019-11-18  |i 159057K  |o 110 LOT 1957  |p 159057K  |r 2024-01-25  |w 2019-11-18  |y BK  |k FIL